Πιο Πολυπληθείς Ελληνικές Π.Ε. - Statistics

General Stats
  • This quiz has been taken 6 times
  • The average score is 6 of 10
Answer Stats
Θέση Περιφερειακή Ενότητα Πληθυσμός % Correct
1 Θεσσαλονίκης 1.092.919
100%
5 Ανατολικής Αττικής 518.755
83%
7 Πειραιώς 448.051
67%
8 Αχαΐας 305.979
67%
9 Ηρακλείου 305.017
67%
10 Λάρισας 268.963
67%
2 Κεντρικού Τομέα Αθηνών 1.002.212
33%
3 Βορείου Τομέα Αθηνών 601.163
33%
4 Νοτίου Τομέα Αθηνών 529.455
33%
6 Δυτικού Τομέα Αθηνών 478.883
33%
No matching quizzes found
Score Distribution
Percent of People with Each Score
Percentile by Number Answered
Your Score History
You have not taken this quiz